000 00962nac a22003137a 4500
001 BR0301126
003 BR-BrBNA
005 20240105122748.0
008 230509b bl.|||m| |||| 00| 0 por d
040 _aBR-BrBNA
_bpor
_cBiblioteca Nacional de Agricultura
072 _aL10
090 _a5212 BR0301126
100 1 _aCarvalho, J.H. de
100 1 _aMonteiro, F. das C.
100 1 _aGirão, R.N.
110 1 _aEMBRAPA Meio Norte, Teresina, PI (Brasil)
245 1 _aConservação do bovino pé-duro ou curraleiro: situação atual
260 3 _aTeresina, PI (Brasil):
_c2001.
300 _a16 p.
490 _aDocumentos - EMBRAPA Meio Norte (Brazil)
_vno. 58
_xISSN 0104-866X
500 _a8 ref.
650 _aBOVINO
650 _aRAÇA
650 _aESPÉCIE EM EXTINÇÃO
650 _aPRESERVAÇÃO DA NATUREZA
650 _aMELHORAMENTO GENÉTICO ANIMAL
909 _a202312
_bLúcia Elande
_c55
_dLúcia Elande
942 _2AGRIS
_n0
_cMS
999 _c292700
_d292700